| 000 | 00344nam a2200133Ia 4500 | ||
|---|---|---|---|
| 005 | 20250702024033.0 | ||
| 008 | 240331s9999 xx 000 0 und d | ||
| 082 |
_bNIR _a792 |
||
| 100 | _aNiriella,C | ||
| 245 | 0 | _aYashorawaya | |
| 300 | _a221 p ., | ||
| 500 | _aA teledrama based on the novel " Yashorawaya" by somaweera Senanayake | ||
| 942 | _cL | ||
| 999 |
_c5155 _d5155 |
||